Country Unscramble from its Alphabetical Order Seplling - 6 Letters - Statistics

General Stats
  • This quiz has been taken 13 times
  • The average score is 31 of 32
Answer Stats
Scrambled Name Real Name % Correct
AAGLNO Angola
100%
BEEILZ Belize
100%
ABHNTU Bhutan
100%
ABILRZ Brazil
100%
AAACDN Canada
100%
CPRSUY Cyprus
100%
ACEFNR France
100%
CEEEGR Greece
100%
AEGINU Guinea
100%
ADJNOR Jordan
100%
KOOOSV Kosovo
100%
AAILTV Latvia
100%
AAILMW Malawi
100%
CEIMOX Mexico
100%
ACMNOO Monaco
100%
ANORWY Norway
100%
ADLNOP Poland
100%
ARISSU Russia
100%
DEENSW Sweden
100%
EKRTUY Turkey
100%
ALTVUU Tuvalu
100%
AABIMZ Zambia
100%
BEINRU Brunei
91%
AABGIM Gambia
91%
AAGNUY Guyana
91%
AAAMNP Panama
91%
AAINTW Taiwan
91%
AADGNU Uganda
91%
AEILRS Israel
82%
AADNRW Rwanda
82%
ABEIRS Serbia
82%
AIKTUW Kuwait
73%
No matching quizzes found
Score Distribution
Percent of People with Each Score
Percentile by Number Answered
Your Score History
You have not taken this quiz